000 00429nam a2200181Ia 4500
005 20250603145803.0
008 250603s9999 xx 000 0 und d
020 _a9789386391032
050 _aHV 6080 .N38/
100 _aNavinta Rani
245 0 _aStudies on criminological psychology
260 _aNew Delhi
260 _bRandom Publications
260 _c2018
300 _a284 p
650 _aNew Delhi
942 _cBK
999 _c42851
_d42851